[Event "Florianopolis op-B 04"]
[Site "Florianopolis"]
[Date "2023.04.29"]
[Round "3"]
[White "Cordioli, Jairo Ribeiro"]
[Black "De Souza, Lucio Teixeira"]
[Result "1/2-1/2"]
[WhiteElo "1729"]
[BlackElo "1546"]
[PlyCount "135"]
[EventDate "2023.04.28"]
[EventType "swiss"]
[EventRounds "6"]
[EventCountry "BRA"]
[SourceTitle "CBM 214 Extra"]
[Source "ChessBase"]
[SourceDate "2023.07.31"]
[SourceVersion "1"]
[SourceVersionDate "2023.07.31"]
[SourceQuality "1"]

1. d4 Nf6 2. c4 e6 3. a3 d5 4. e3 b6 5. cxd5 exd5 6. Nf3 Bd6 7. Bb5+ c6 8. Bd3 0-0 9. 0-0 Re8 10. Qc2 Qc7 11. Nc3 Ba6 12. Bxa6 Nxa6 13. b4 Nb8 14. Bb2 Nbd7 15. Rac1 Qb7 16. Qf5 b5 17. Ne2 Rac8 18. Rc2 Nb6 19. Ne5 Nc4 20. Nf4 Qc7 21. Nfd3 Qe7 22. Re1 g6 23. Qg5 Kg7 24. Ng4 Nxg4 25. Qxg4 Qe6 26. Qxe6 Rxe6 27. Rce2 f5 28. f4 Kf7 29. Kf2 Rce8 30. Bc1 Kf6 31. Kf3 R6e7 32. h3 h5 33. g4 hxg4+ 34. hxg4 Rh8 35. Rg2 Reh7 36. Reg1 Rh3+ 37. Kf2 Rh2 38. Rxh2 Rxh2+ 39. Kf3 Rh3+ 40. Kf2 Rh2+ 41. Kf3 Rh3+ 42. Rg3 fxg4+ 43. Kxg4 Rxg3+ 44. Kxg3 Kf5 45. Kf3 g5 46. fxg5 Kxg5 47. e4+ Kg6 48. e5 Be7 49. Nf4+ Kf7 50. Kg4 a5 51. Kf5 axb4 52. e6+ Ke8 53. axb4 Bxb4 54. Nh5 Nd6+ 55. Ke5 Ne4 56. Ng7+ Kf8 57. Bh6 Bd6+ 58. Kf5 Ng3+ 59. Kg6 Ne4 60. Nf5+ Ke8 61. Nxd6+ Nxd6 62. Kf6 b4 63. e7 Nc4 64. Ke6 b3 65. Bc1 b2 66. Bxb2 Nxb2 67. Kd6 Nd3 68. Kxc6 1/2-1/2

[Event "Florianopolis op 9th"]
[Site "Florianopolis"]
[Date "2023.01.29"]
[Round "10"]
[White "Do Nascimento, Carlos Augusto Xavi"]
[Black "De Souza, Lucio Teixeira"]
[Result "1/2-1/2"]
[WhiteElo "1895"]
[BlackElo "1568"]
[PlyCount "59"]
[EventDate "2023.01.23"]
[EventType "swiss"]
[EventRounds "10"]
[EventCountry "BRA"]
[SourceTitle "CBM 212 Extra"]
[Source "ChessBase"]
[SourceDate "2023.03.31"]
[SourceVersion "1"]
[SourceVersionDate "2023.03.31"]
[SourceQuality "1"]

1. e4 c5 2. Nf3 Nc6 3. Bb5 e6 4. Bxc6 bxc6 5. 0-0 d5 6. d3 Qc7 7. Re1 Ne7 8. Nc3 d4 9. Na4 Ng6 10. b3 Ne5 11. Nxe5 Qxe5 12. f4 Qc7 13. Rf1 e5 14. f5 Bd6 15. Qe1 f6 16. Ba3 Qe7 17. Qa5 0-0 18. Bxc5 Bxc5 19. Qxc5 Qc7 20. Qc4+ Kh8 21. Nc5 Re8 22. b4 Qd6 23. g4 Re7 24. Kf2 a5 25. c3 axb4 26. cxb4 Ra3 27. Rac1 Rea7 28. Rc2 R7a6 29. b5 cxb5 30. Qxb5 1/2-1/2

[Event "Rio Negrinho Froebel Cup"]
[Site "Rio Negrinho"]
[Date "2022.04.10"]
[Round "6"]
[White "De Souza, Lucio Teixeira"]
[Black "Schoeffel, Matheus"]
[Result "1-0"]
[WhiteElo "1592"]
[BlackElo "1123"]
[PlyCount "97"]
[EventDate "2022.04.08"]
[EventType "swiss"]
[EventRounds "6"]
[EventCountry "BRA"]
[SourceTitle "EXT 2023"]
[Source "ChessBase"]
[SourceDate "2022.10.05"]
[SourceVersion "1"]
[SourceVersionDate "2022.10.05"]
[SourceQuality "1"]

1. c4 Nf6 2. Nc3 g6 3. g3 Bg7 4. Bg2 0-0 5. e4 d6 6. Nge2 c5 7. 0-0 e5 8. d3 Nc6 9. h3 Be6 10. a3 Qd7 11. Kh2 Rab8 12. Rb1 Ne8 13. b4 f5 14. exf5 gxf5 15. bxc5 dxc5 16. f4 Nf6 17. fxe5 Nxe5 18. Nf4 Bf7 19. Ncd5 Ng6 20. Bb2 Nxf4 21. Nxf4 b6 22. Qc2 Rfe8 23. Bxf6 Bxf6 24. Nd5 Bg7 25. Qd2 Bg6 26. Rbe1 Rxe1 27. Rxe1 Re8 28. Rxe8+ Qxe8 29. Nf4 Bd4 30. Bd5+ Bf7 31. Bxf7+ Kxf7 32. Qe2 Qe3 33. Qxe3 Bxe3 34. Nd5 Bd4 35. Kg2 Kg6 36. Kf3 h5 37. Ne7+ Kg5 38. Nc6 Bb2 39. Nxa7 Bxa3 40. Nc8 h4 41. gxh4+ Kxh4 42. Kf4 Kxh3 43. Kxf5 Kg3 44. Ke4 Kf2 45. Nxb6 Ke2 46. Nd7 Kd2 47. Nxc5 Bxc5 48. d4 Be7 49. c5 1-0

[Event "Timbo op 2nd"]
[Site "Timbo"]
[Date "2022.02.18"]
[Round "3"]
[White "De Souza, Lucio Teixeira"]
[Black "Aranha Filho, Alvaro Zimmermann"]
[Result "0-1"]
[WhiteElo "1580"]
[BlackElo "2220"]
[PlyCount "44"]
[EventDate "2022.02.17"]
[EventType "swiss"]
[EventRounds "7"]
[EventCountry "BRA"]
[SourceTitle "EXT 2023"]
[Source "ChessBase"]
[SourceDate "2022.10.05"]
[SourceVersion "1"]
[SourceVersionDate "2022.10.05"]
[SourceQuality "1"]

1. c4 e5 2. Nc3 Nc6 3. Nf3 f5 4. e4 Nf6 5. d3 Bb4 6. Bg5 h6 7. Bxf6 Qxf6 8. a3 Bxc3+ 9. bxc3 d6 10. Qe2 0-0 11. Qe3 Ne7 12. Be2 Ng6 13. g3 f4 14. Qd2 Bg4 15. 0-0 Rf7 16. Rab1 b6 17. a4 Raf8 18. d4 Bxf3 19. Bxf3 Qg5 20. Kh1 fxg3 21. Qxg5 hxg5 22. Bh5 g2+ 0-1

[Event "BRA-ch Regional Sul"]
[Site "Lages"]
[Date "2019.10.19"]
[Round "3"]
[White "Garcia, Joana Viana"]
[Black "De Souza, Lucio Teixeira"]
[Result "1/2-1/2"]
[WhiteElo "1940"]
[BlackElo "1591"]
[PlyCount "54"]
[EventDate "2019.10.18"]
[EventType "swiss"]
[EventRounds "5"]
[EventCountry "BRA"]
[SourceTitle "CBM 195 Extra"]
[Source "ChessBase"]
[SourceDate "2020.05.31"]
[SourceVersion "1"]
[SourceVersionDate "2020.05.31"]
[SourceQuality "1"]

1. e4 e6 2. d4 d5 3. exd5 exd5 4. Bd3 Bd6 5. h3 Nc6 6. c3 Nge7 7. Nf3 Bf5 8. 0-0 Qd7 9. Bxf5 Qxf5 10. Re1 0-0-0 11. b4 Rhe8 12. Qa4 a6 13. b5 axb5 14. Qxb5 Na7 15. Qb3 Nec6 16. Be3 h6 17. Nbd2 f6 18. Rab1 Na5 19. Qa4 b6 20. c4 Qd7 21. Qxd7+ Rxd7 22. cxd5 Bf8 23. Rec1 Kb7 24. Bf4 Bd6 25. Be3 Bf8 26. Bf4 Bd6 27. Be3 Bf8 1/2-1/2

[Event "Florianopolis op 5th"]
[Site "Florianopolis"]
[Date "2019.01.27"]
[Round "10"]
[White "De Souza, Lucio Teixeira"]
[Black "Lopes, Leonardo Borges"]
[Result "1/2-1/2"]
[WhiteElo "1626"]
[BlackElo "1327"]
[PlyCount "78"]
[EventDate "2019.01.21"]
[EventType "swiss"]
[EventRounds "10"]
[EventCountry "BRA"]
[SourceTitle "EXT 2020"]
[Source "ChessBase"]
[SourceDate "2019.10.17"]
[SourceVersion "1"]
[SourceVersionDate "2019.10.17"]
[SourceQuality "1"]

1. e4 c5 2. Nf3 d6 3. d4 cxd4 4. Nxd4 Nf6 5. Nc3 a6 6. Be2 e5 7. Nb3 Be6 8. f4 Qc7 9. 0-0 Nbd7 10. Kh1 Be7 11. a4 0-0 12. a5 b5 13. axb6 Qxb6 14. f5 Bxb3 15. cxb3 Nc5 16. Be3 Qxb3 17. Qxb3 Nxb3 18. Rxa6 Nd4 19. Rxa8 Rxa8 20. Bd3 Rb8 21. Rb1 Ng4 22. Bg1 Nb3 23. h3 Nf6 24. Be3 h6 25. Bc4 Na5 26. Bd3 Nb3 27. Kg1 Nh5 28. Nd5 Bg5 29. Bxg5 hxg5 30. Be2 Nf4 31. Nxf4 gxf4 32. Rd1 Nd4 33. Rd2 Rb6 34. Bc4 Kf8 35. Kf2 Ke7 36. Bd5 g6 37. fxg6 fxg6 38. Bc4 Nb3 39. Rc2 Nd4 1/2-1/2

[Event "Florianopolis op 5th"]
[Site "Florianopolis"]
[Date "2019.01.23"]
[Round "4"]
[White "De Souza, Lucio Teixeira"]
[Black "Rahn, Marlon Cristiano"]
[Result "1-0"]
[WhiteElo "1626"]
[BlackElo "1057"]
[PlyCount "71"]
[EventDate "2019.01.21"]
[EventType "swiss"]
[EventRounds "10"]
[EventCountry "BRA"]
[SourceTitle "CBM 188 Extra"]
[Source "ChessBase"]
[SourceDate "2019.02.26"]
[SourceVersion "1"]
[SourceVersionDate "2019.02.26"]
[SourceQuality "1"]

1. e4 c5 2. Nf3 Nc6 3. d4 cxd4 4. Nxd4 e5 5. Nb5 a6 6. Nd6+ Bxd6 7. Qxd6 Qe7 8. Qd1 Nf6 9. Nc3 Nxe4 10. Nxe4 Qb4+ 11. Nc3 0-0 12. a3 Qc5 13. Be3 Nd4 14. Bd3 d5 15. 0-0 Be6 16. Qh5 e4 17. Bxe4 dxe4 18. Qxc5 Nxc2 19. Rac1 Rac8 20. Qg5 h6 21. Qg3 Nxe3 22. Qxe3 f5 23. f3 Bc4 24. Rf2 exf3 25. Rxf3 Rf6 26. Re1 Re6 27. Qxe6+ Bxe6 28. Rxe6 Kf7 29. Rfe3 Rc7 30. h3 h5 31. Nd5 Rc1+ 32. Kh2 Rc2 33. Re2 Rc5 34. Re7+ Kg6 35. Nf4+ Kh6 36. Rxg7 1-0

[Event "Sao Bento do Sul op 06"]
[Site "Sao Bento do Sul"]
[Date "2018.06.16"]
[Round "4"]
[White "De Souza, Lucio Teixeira"]
[Black "Da Cunha, Matheus Mengarda"]
[Result "1-0"]
[WhiteElo "1645"]
[BlackElo "1354"]
[PlyCount "55"]
[EventDate "2018.06.15"]
[EventType "swiss"]
[EventRounds "6"]
[EventCountry "BRA"]
[SourceTitle "EXT 2021"]
[Source "ChessBase"]
[SourceDate "2020.10.23"]
[SourceVersion "1"]
[SourceVersionDate "2020.10.23"]
[SourceQuality "1"]

1. d4 f5 2. g3 Nf6 3. c4 c6 4. Bg2 e6 5. Nc3 d5 6. Nf3 Bd6 7. 0-0 0-0 8. cxd5 cxd5 9. Nb5 Ne4 10. Nxd6 Qxd6 11. Bf4 Qe7 12. Rc1 Nd7 13. Rc7 g5 14. Be5 Qd8 15. Qc1 Rf7 16. Rc2 g4 17. Bc7 Qf6 18. Ne5 Nxe5 19. Bxe5 Qd8 20. Qe3 Nf6 21. Rfc1 b6 22. Qg5+ Rg7 23. Qxf6 Qxf6 24. Bxf6 Rf7 25. Rxc8+ Rxc8 26. Rxc8+ Rf8 27. Rxf8+ Kxf8 28. Be5 1-0

[Event "Santa Catarina op"]
[Site "Icara"]
[Date "2017.06.30"]
[Round "2"]
[White "Juliano, Joao Carlos Mazzini"]
[Black "De Souza, Lucio Teixeira"]
[Result "1-0"]
[WhiteElo "1951"]
[BlackElo "1800"]
[PlyCount "51"]
[EventDate "2017.06.29"]
[EventType "swiss"]
[EventRounds "7"]
[EventCountry "BRA"]
[SourceTitle "CBM 179 Extra"]
[Source "ChessBase"]
[SourceDate "2017.08.23"]
[SourceVersion "1"]
[SourceVersionDate "2017.08.23"]
[SourceQuality "1"]

1. d4 Nf6 2. Bf4 e6 3. e3 b6 4. Nf3 Bb7 5. Bd3 Be7 6. h3 0-0 7. 0-0 d6 8. Nbd2 Nbd7 9. e4 h6 10. Qe2 a6 11. Rad1 Nh7 12. Rfe1 Ng5 13. c3 Re8 14. e5 Nxf3+ 15. Nxf3 d5 16. Bb1 Nf8 17. Nh2 a5 18. Qg4 Bg5 19. Bg3 f5 20. exf6 Bxf6 21. Nf3 Re7 22. Bf4 g5 23. Be5 Rg7 24. Qh5 Bxe5 25. Nxe5 Qf6 26. Ng4 1-0

[Event "Catarinense-ch"]
[Site "Blumenau"]
[Date "2017.05.20"]
[Round "3"]
[White "Caetano, Ryan Wesley da Cost"]
[Black "De Souza, Lucio Teixeira"]
[Result "1-0"]
[WhiteElo "1849"]
[BlackElo "1800"]
[PlyCount "105"]
[EventDate "2017.05.19"]
[EventType "swiss"]
[EventRounds "6"]
[EventCountry "BRA"]
[SourceTitle "CBM 178 Extra"]
[Source "ChessBase"]
[SourceDate "2017.06.22"]
[SourceVersion "1"]
[SourceVersionDate "2017.06.22"]
[SourceQuality "1"]

1. d4 Nf6 2. c4 e6 3. a3 d5 4. Nf3 Be7 5. e3 0-0 6. Bd3 Nbd7 7. Nc3 dxc4 8. Bxc4 b6 9. 0-0 Bb7 10. Qe2 a6 11. b4 c5 12. b5 cxd4 13. Nxd4 a5 14. Bb2 Nc5 15. Rfd1 Qc7 16. Rac1 Bd6 17. h3 Rac8 18. Ba2 Qb8 19. Bb1 Rfd8 20. Ba2 Qa8 21. Qf1 Nce4 22. Nxe4 Nxe4 23. Rxc8 Rxc8 24. f3 Ng3 25. Qf2 Qb8 26. Nxe6 Nf5 27. f4 Re8 28. Ng5 Re7 29. Nxf7 Rxf7 30. Bxf7+ Kxf7 31. Qc2 Nxe3 32. Qb3+ Nd5 33. Rxd5 Bxd5 34. Qxd5+ Kf8 35. Qf5+ Kg8 36. Qe6+ Kh8 37. Qd7 Bc5+ 38. Kh1 Qf8 39. f5 Qe7 40. Qxe7 Bxe7 41. a4 Kg8 42. Bd4 Bd8 43. Kg1 Kf7 44. Kf2 g6 45. f6 Bc7 46. Ke3 Ke6 47. Ke4 h6 48. g4 Bd8 49. h4 g5 50. h5 Bxf6 51. Bxb6 Bc3 52. Bd4 Bxd4 53. Kxd4 1-0